书目信息 |
| 题名: |
影视动画设计实践教程
|
|
| 作者: | 丛书编委会主编 | |
| 分册: | ||
| 出版信息: | 北京 清华大学出版社 2005.6 |
|
| 页数: | 269页 | |
| 开本: | 26cm | |
| 丛书名: | 清华电脑学堂 | |
| 单 册: | ||
| 中图分类: | J954 | |
| 科图分类: | ||
| 主题词: | 动画片--dong hua pian--制作--教材 | |
| 电子资源: | ||
| ISBN: | 7-302-10862-5 | |
| 000 | 00911nam0 2200253 45 | |
| 001 | 012005000000 | |
| 005 | 20051207094140.04 | |
| 010 | @a7-302-10862-5@dCNY27.00(含光盘) | |
| 010 | @a7-89494-715-6@b光盘 | |
| 100 | @a20051103d2005 em y0chiy0121 ea | |
| 101 | 0 | @achi |
| 102 | @aCN@b110000 | |
| 105 | @ay z 000yy | |
| 200 | 1 | @a影视动画设计实践教程@Aying shi dong hua she ji shi jian jiao cheng@f丛书编委会主编 |
| 210 | @a北京@c清华大学出版社@d2005.6 | |
| 215 | @a269页@d26cm@e光盘1片 | |
| 225 | 2 | @a清华电脑学堂@Aqing hua dian nao xue tang |
| 300 | @a从学校到职业生涯电脑实践培训 | |
| 330 | @a本书内容包括影视动画的基本概念、数字音频处理软件Sound Forge、电脑二维动画软件Corel Painter和Combustion*paint、三维动画软件3DS MAX 6.0等。 | |
| 461 | 0 | @12001 @a清华电脑学堂 |
| 606 | 0 | @a动画片@Adong hua pian@x制作@j教材 |
| 690 | @aJ954@v4 | |
| 801 | 0 | @aCN@bSRXX@c20051207 |
| 905 | @a10447@dJ954@eQ615 | |
| 影视动画设计实践教程/丛书编委会主编.-北京:清华大学出版社,2005.6 |
| 269页;26cm+光盘1片.-(清华电脑学堂) |
| 从学校到职业生涯电脑实践培训 |
| ISBN 7-302-10862-5:CNY27.00(含光盘) |
| 本书内容包括影视动画的基本概念、数字音频处理软件Sound Forge、电脑二维动画软件Corel Painter和Combustion*paint、三维动画软件3DS MAX 6.0等。 |
| ● |
| 相关链接 |
|
|
|
正题名:影视动画设计实践教程
索取号:J954/Q615
 
预约/预借
| 序号 | 登录号 | 条形码 | 馆藏地/架位号 | 状态 | 备注 |
| 1 | 546798 | 205467984 | 社科库309/309社科库 98排3列5层/ [索取号:J954/Q615] | 在馆 | |
| 2 | 546799 | 205467993 | 社科库309/309社科库 98排3列5层/ [索取号:J954/Q615] | 在馆 | |
| 3 | 546800 | 205468000 | 社科库309/309社科库 98排3列5层/ [索取号:J954/Q615] | 在馆 |